A treatise on the theory of Bessel functions

Αποθηκεύτηκε σε:
Λεπτομέρειες βιβλιογραφικής εγγραφής
Κύριος συγγραφέας: Watson, George Neville 1886-
Μορφή: Βιβλίο
Γλώσσα:English
Δημοσίευση: Cambridge : Cambridge University Press, 1980
Έκδοση:2nd ed.
Θέματα:
Ετικέτες: Προσθήκη ετικέτας
Δεν υπάρχουν, Καταχωρήστε ετικέτα πρώτοι!

MARC

LEADER 00000nam a2200000 i 4500
001 1/36852
008 941103s1980 eng d
020 |a 0-521-09382-1 
035 |a 1993  |l 10040348 
040 |a GR-MY-UA  |b gre  |e aacr 
041 0 |a eng 
082 0 |a 515.53 
100 1 |a Watson, George Neville  |d 1886- 
245 1 2 |a A treatise on the theory of Bessel functions /  |c G.N. Watson 
250 |a 2nd ed. 
260 |a Cambridge :   |b Cambridge University Press,   |c 1980 
300 |a 804 p.;  |c 25 cm. 
500 |a Includes bibliography 
650 0 0 |a Bessel functions. 
852 |a INST  |b SAMOS  |e 19941103  |h 515.53 WAT  |p 005300003289  |q 005300003289  |t BK  |y 0 
909 |a Σ  |b 029755